Geschiedenis van België - Statistieken

Algemene statistieken
  • Deze quiz is 800 keer genomen
  • De gemiddelde score is 15 van 20
Antwoordstatistieken
Hint Antwoord % Correct
Hoofdstad Brussel
99%
Officiële landstalen Duits
98%
Officiële landstalen Frans
98%
Officiële landstalen Nederlands
98%
Hoeveel provincies telt België? 10
96%
Wat is de naam van de huidige koning van België? Filip
85%
In welke stad werd Napoleon Bonaparte verslagen in 1815? Waterloo
85%
In welk jaar begon de Duitse bezetting van België in de Eerste Wereldoorlog? 1914
84%
Wat was de naam van de Belgische kolonie in Centraal-Afrika van 1908 tot 1960? Belgisch Congo
83%
Wie was de eerste koning van België? Leopold I
81%
Welk land annexeerde de Belgische gebieden in 1795? Frankrijk
80%
Deze Romeinse generaal noemde de Belgae de dappersten in zijn "De Bello Gallico". Julius Caesar
78%
In welk jaar werd België onafhankelijk van dit Verenigd Koninkijk der Nederlanden? 1830
73%
De Tachtigjarige Oorlog (1568-1648) was een opstand tegen Filips II, de heerser over de Habsburgse Nederlanden, die tevens van 1556 tot 1598 koning was van welk land? Spanje
66%
In 1815 werd het Verenigd Koninkrijk der Nederlanden gecreëerd, waarbij de voormalige Belgische gebieden en de voormalige Republiek der Zeven Verenigde Provinciën verenigd werden. Wie was de eerste koning hiervan? Willem I
61%
Welke schilder van historische schilderijen, portretten, mythologische schilderijen van voluptueuze naakte vrouwen, etc. wordt beschouwd als de meest aanzienlijke artiest van de Vlaamse Barok? Peter Paul Rubens
58%
Deze keizer van het Heilige Roomse Rijk werd in 1500 in Gent geboren. Karel V
55%
Deze leider van de Eburonen, een Belgische volksstam in het noordoosten van Gallië, werd een Belgische nationale held door zijn verzet tegen de hierboven genoemde Romeinse generaal. Ambiorix
52%
Tot welk land behoorden de gebieden van het huidige België en Luxemburg van 1705 tot 1795? Oostenrijk
45%
Wat was het laatste grote Duitse offensief in de Tweede Wereldoorlog om de Geallieerden te doen stoppen met het gebruiken van de haven van Antwerpen? Ardennenoffensief
37%
Geen overeenkomende quizzen gevonden
Scoreverdeling
Procent van Mensen met Elke Score
Percentiel versus Aantal Correcte Antwoorden
Uw Scoregeschiedenis
U heeft deze quiz nog niet genomen